| 000 | 01424nam0a2200361 4500 | ||
|---|---|---|---|
| 001 | RU\NLR\BIBL_A\012533112 | ||
| 005 | 20220906143003.0 | ||
| 010 |
_a978-5-04-114005-2 _93000 |
||
| 021 |
_aRU _bКН-П-21-001547 _9КН-П-21-0112 |
||
| 035 | _a(NLR Aleph) 012533112 | ||
| 035 | _a(RuMoRGB)010551933 | ||
| 090 |
_a12372804 _c12372804 |
||
| 100 | _a20210601d2021 m y0rusy50 ca | ||
| 101 | 1 |
_arus _ceng |
|
| 102 | _aRU | ||
| 105 | _aa z 000zy | ||
| 181 | 0 |
_ai _baxxe |
|
| 182 | 0 | _an | |
| 200 | 1 |
_aСевер _eсчастливая жизнь по-скандинавски _fБронте Аурель _g[перевод с английского А. Мартыновой] |
|
| 203 |
_aТекст _bвизуальный _cнепосредственный |
||
| 210 |
_aМосква _cЭксмо _cБомбора _d2021 |
||
| 215 |
_a222, [2] с. _cцв. ил. _d24 |
||
| 225 | 1 |
_aХюгге _eуютные книги о счастье |
|
| 333 | _a16+ | ||
| 606 | 1 |
_aБыт и нравы _yСкандинавские страны _2nlr_sh2 _3RU\NLR\AUTH\6601691685 |
|
| 606 | 1 |
_aСкандинавская кухня _2nlr_sh2 _3RU\NLR\AUTH\661552193 |
|
| 686 | 1 | _aТ3(411)63-75 | |
| 686 | 1 | _aЛ997(3)Скандинавская | |
| 700 | 1 |
_aАурель _bБ. _gБронте _3RU\NLR\AUTH\770246080 |
|
| 942 | _cBOOK | ||
| 980 | _aNB | ||